000 01682nam a2200229Ia 4500
008 260220t1973||||xx |||||||||||||| ||spa||
020 _a843457358X
040 _aPY-SlUNAC
_bspa
_erda
041 _aspa
082 _a940.53
_bH673h
245 0 _aHistoria mundial desde 1939
264 _aBarcelona :
_bSalvat editores,
_c℗1973.
300 _a1 volumen
520 _a"Historia mundial desde 1939" es una obra que ofrece una visión integral de los eventos y transformaciones que han marcado el mundo desde el estallido de la Segunda Guerra Mundial hasta la década de 1970. El libro examina las principales guerras, conflictos políticos y movimientos sociales que han moldeado la historia contemporánea, destacando la Guerra Fría, el descolonización de África y Asia, así como el surgimiento de nuevas potencias mundiales. A través de un enfoque cronológico, se analizan las interacciones entre las distintas naciones y los efectos de la globalización emergente. Además, se aborda la evolución de ideologías como el comunismo y el liberalismo, y se exploran sus repercusiones en la política internacional. La obra se apoya en un amplio arsenal de fuentes y documentos históricos, ofreciendo un análisis crítico que invita a la reflexión sobre el impacto de estos eventos en la configuración del mundo actual. Su enfoque accesible lo convierte en una referencia esencial para estudiantes y aficionados a la historia.
653 _aHistoria contemporánea
653 _aHistoria mundial
942 _b2026/02/17
_cBK
999 _c9492
_d9492